Coupe du Monde 1998 - Un Joueur par équipe - Statistiques

Statistiques générales
  • Ce quiz a été pris 285 fois
  • Le résultat moyen est 21 sur 32
Statistiques - réponses
Hint Réponse % Correct
Roberto Carlos Brésil
91%
Samuel Eto'o Cameroun
91%
David Trezeguet France
91%
Filippo Inzaghi Italie
90%
Hidetoshi Nakata Japon
90%
Seo Jung-won Corée du Sud
89%
Clarence Seedorf Pays-Bas
87%
Jay-Jay Okocha Nigeria
85%
Michael Laudrup Danemark
84%
Juan Sebastián Verón Argentine
82%
Sami Al-Jaber Arabie Saoudite
81%
Fernando Morientes Espagne
81%
Philippe Clement Belgique
78%
Oliver Bierhoff Allemagne
72%
Dejan Savićević RF Yougoslavie
69%
Emil Kostadinov Bulgarie
64%
Steve McManaman Angleterre
61%
José Luis Chilavert Paraguay
61%
Marius Lăcătuș Roumanie
60%
Ali Daei Iran
59%
Mustapha Hadji Maroc
59%
Heimo Pfeifenberger Autriche
55%
Cuauhtémoc Blanco Mexique
53%
Iván Zamorano Chili
44%
Faustino Asprilla Colombie
44%
Kevin Gallacher Ecosse
44%
Sami Trabelsi Tunisie
44%
Robert Prosinečki Croatie
42%
Eddie Pope Etats-Unis
41%
Tore André Flo Norvège
39%
Benni McCarthy Afrique du Sud
37%
Theodore Whitmore Jamaïque
26%
Aucun quiz correspondant
Distribution des résultats
% des personnes avec chaque résultat
Percentile par nombre de réponses
Votre historique - résultats
Vous n’avez pas pris ce quiz